La légende de Henri IV / (Record no. 126110)

MARC details
000 -LEADER
campo de control de longitud fija 00461nam a2200169 i 4500
001 - NÚMERO DE CONTROL
campo de control 126110
003 - IDENTIFICADOR DE NÚMERO DE CONTROL
campo de control ES-MaACL
005 - FECHA Y HORA DE LA ÚLTIMA TRANSACCIÓN
campo de control 20230906192745.0
007 - CAMPO FIJO DE DESCRIPCIÓN FÍSICA--INFORMACIÓN GENERAL
campo de control de longitud fija t|
008 - DATOS DE LONGITUD FIJA--INFORMACIÓN GENERAL
campo de control de longitud fija 070214s1936 fr r ||||1| fre d
100 1# - ENTRADA PRINCIPAL--NOMBRE DE PERSONA
Nombre de persona Reinhard, Marcel.
9 (RLIN) 96052
245 13 - MENCIÓN DEL TÍTULO
Título La légende de Henri IV /
Mención de responsabilidad, etc. Marcel Reinhard.
260 ## - PUBLICACIÓN, DISTRIBUCIÓN, ETC.
Lugar de publicación, distribución, etc. Paris :
Nombre del editor, distribuidor, etc. Hachette,
Fecha de publicación, distribución, etc. 1936.
300 ## - DESCRIPCIÓN FÍSICA
Extensión 173 p. ;
Dimensiones 26 cm.
600 04 - PUNTO DE ACCESO ADICIONAL DE MATERIA--NOMBRE DE PERSONA
Nombre de persona Enrique
Numeración IV
Títulos y otros términos asociados al nombre Rey de Francia.
9 (RLIN) 47271
852 ## - LOCALIZACIÓN
Ubicación ES-MaACL
Número de control de estantería A-4419
Holdings
Estatus retirado Estado de pérdida Estado de daño No para préstamo Biblioteca de origen Biblioteca actual Ubicación en estantería Fecha de adquisición Fuente de adquisición Total de préstamos Signatura topográfica completa Código de barras Visto por última vez Precio de reemplazo Tipo de ítem Koha
        Biblioteca del Ateneo de Madrid Biblioteca del Ateneo de Madrid Sala Pecera Planta 1 17/01/2008     A-4419 1131358 23/02/2023 23/02/2023 Libro impreso